LEADER 01426nam a2200313 u 4500 001 000000013300 003 CaOOAMICUS 005 20070226105634.0 008 940517s1981 it u000 u ita u 035 $a10318732 040 $aMSA$bita$dPUL(R) 041 1 $aita$hger 100 1 $aWatt, William Montgomery.$0(OLS)http://pul/name/1084 240 10$aIslam. I. Mohammed und die Frühzeit ; Islamisches Recht Religiöses Leben.$lItaliano.$0(OLS)http://pul/title/19216 245 12$aL'Islam, Maometto e il Corano /$cW. Montgomery Watt - Alford T. Welch ; presentazione di Francesco Gabrieli. 260 $aMilano :$bJaca Book,$c1981. 300 $avi, 423 p. ;$c24 cm 490 1 $aStoria delle religioni ;$v4 600 04$aMuhammad.$0(OLS)http://pul/subject/9690 630 04$aCorano.$0(OLS)http://pul/subject/9691 650 4$aIslam.$0(OLS)http://pul/subject/2044 700 1 $aGabrieli, Francesco,$d1904-1996.$0(OLS)http://pul/name/9600 700 1 $aWelch, Alford T.$0(OLS)http://pul/name/12555 830 0$aStoria delle religioni (Jaca Book) ;$v4.$0(OLS)http://pul/title/8145 850 $aPUL 852 $aPUL$W1$xDP1 Cons. Gen., Altre Classi 1$y22$m781 A 4$j18760$n $b $qStampati$B18760$CPULBib$Z2$F18760 $H48840 $81 941 1 $a8 996 $6245$aL'Islam, Maometto e il Corano$9(OLS)http://pul/title/19217 996 $6260$aMilano :$bJaca Book$9(OLS)http://pul/publisher/47900 LEADER 01629nam a2200325 u 4500 001 000000062912 003 CaOOAMICUS 005 20070226121203.0 008 011015s1968 ua bf u000 u fre u 035 $a10906383 040 $aPUL(R)$bita 100 1 $aJarry, Jacques.$0(OLS)http://pul/name/42774 245 10$aHérésies et factions dans l'Empire Byzantin du IVe au VIIe siècle /$cpar Jacques Jarry. 260 $aLe Caire :$bInstitut Français d'archéologie orientale,$c1968. 300 $axxi, 598 p., 1 f. de pl. dépl. :$bcarte ;$c25 cm 500 $aContiene indice. 502 $aThèse. Lettres - Univ. de Paris. 504 $aBibliographie: p. ix-xxi. 650 4$aEresie ed eretici$xStoria$yEvo antico.$0(OLS)http://pul/subject/825 650 0$aHeresies, Christian$xHistory$yEarly church, ca. 30-600.$2//eng$0(OLS)http://pul/subject/23658 650 0$aHeresies, Christian$xHistory$yMiddle Ages, 600-1500.$2//eng$0(OLS)http://pul/subject/2620 651 0$aByzantine Empire$xChurch history.$2//eng$0(OLS)http://pul/subject/10667 651 4$aImpero bizantino$xStoria ecclesiastica.$0(OLS)http://pul/subject/23688 710 2 $aInstitut français d'archéologie orientale du Caire.$0(OLS)http://pul/name/42775 850 $aPUL 852 $aPUL$W1$xDP2 Religione 1$y63$m69 E 31$j81702$nBK-PRI$qStampati$B81702$CPULBib$Z2$F81702 $82 941 1 $a8 961 $aINV: 37232 996 $6245$aHérésies et factions dans l'Empire Byzantin du IVe au VIIe siècle$9(OLS)http://pul/title/83914 996 $6260$aLe Caire :$bInstitut Français d'archéologie orientale$9(OLS)http://pul/publisher/70494